00427nam a2200133Ia 4500008004100000100001200041245011700053245003300170260002500203260000900228300002500237650001600262650001500278170224s9999 xx 000 0 und d aLei Wen aUnderstanding the Intentions of Accounting Students in China to Pursue Certified Public Accountant Designation  cLei Wen, Qian Hao & Danlu Bu bAccounting Education c2015 a24:4, Pages: 341-359 xAccountancy xAccounting